<?xml version="1.0" encoding="UTF-8"?>
<marc:record xmlns:marc="http://www.loc.gov/MARC21/slim">
   <marc:leader>00000nam a2200000 a 4500</marc:leader>
   <marc:datafield ind1="1" ind2=" " tag="100">
      <marc:subfield code="a">Steiner, Sigmund</marc:subfield>
      <marc:subfield code="4">aut</marc:subfield>
      <marc:subfield code="e">Verfasser/-in</marc:subfield>
   </marc:datafield>
   <marc:datafield ind1=" " ind2=" " tag="653">
      <marc:subfield code="a">Almwirtschaft</marc:subfield>
   </marc:datafield>
   <marc:datafield ind1=" " ind2=" " tag="653">
      <marc:subfield code="a">Landwirtschaft</marc:subfield>
   </marc:datafield>
   <marc:datafield ind1=" " ind2=" " tag="653">
      <marc:subfield code="a">Vater-Sohn-Beziehung</marc:subfield>
   </marc:datafield>
   <marc:datafield ind1=" " ind2=" " tag="653">
      <marc:subfield code="a">Forstwirtschaft</marc:subfield>
   </marc:datafield>
   <marc:datafield ind1=" " ind2=" " tag="653">
      <marc:subfield code="a">Dokumentarfilm</marc:subfield>
   </marc:datafield>
   <marc:datafield ind1=" " ind2=" " tag="653">
      <marc:subfield code="a">Bauern / Bauernberuf</marc:subfield>
   </marc:datafield>
   <marc:datafield ind1="0" ind2="0" tag="245">
      <marc:subfield code="a">Holz Erde Fleisch</marc:subfield>
   </marc:datafield>
   <marc:datafield ind1="0" ind2="0" tag="245">
      <marc:subfield code="b">Dokumentarfilm</marc:subfield>
   </marc:datafield>
   <marc:datafield ind1="0" ind2="0" tag="245">
      <marc:subfield code="c">Sigmund Steiner</marc:subfield>
   </marc:datafield>
   <marc:datafield ind1=" " ind2="1" tag="264">
      <marc:subfield code="b">Hoanzl</marc:subfield>
      <marc:subfield code="c">2017</marc:subfield>
   </marc:datafield>
   <marc:datafield ind1="1" ind2=" " tag="490">
      <marc:subfield code="a">Der österreichische Film</marc:subfield>
   </marc:datafield>
   <marc:datafield ind1="1" ind2=" " tag="520">
      <marc:subfield code="a">Filmemacher Sigmund Steiner - selbst Bauernsohn - porträtiert in seinem essayistischen Dokumentarfilm drei Bauern bei der Arbeit im Wald, auf dem Feld und auf der Alm. Eine Frage bestimmt alles: Werden ihre Kinder eines Tages ihren Besitz übernehmen oder stirbt der Bauernberuf mit ihnen aus? Und wieso haben sie sich einst entschieden, die Arbeit ihrer Väter fortzuführen? Obwohl keiner dieser drei Männer Sigmund Steiners Vater ist, gestaltet sich "Holz Erde Fleisch" als sensible Auseinandersetzung des Filmemachers mit der eigenen Vater-Sohn-Geschichte.#"Der Mut dieses klugen Filmes liegt in seiner Schlichtheit. Es ist ein Film über Väter und Söhne, dessen filmisches Universum eine kleine Welt im ländlichen Österreich ist. Seine Größe besteht aber darin, trotzdem das Universale des Menschlichen zum Thema zu haben. Ein Film voller Zärtlichkeit, der von Leben und Tod, von Herkunft und Zukunft handelt." (Diagonale-Jurybegründung für den besten Dokumentarfilm 2016)</marc:subfield>
   </marc:datafield>
   <marc:datafield ind1=" " ind2=" " tag="020">
      <marc:subfield code="a">2090653861064</marc:subfield>
      <marc:subfield code="9">2090653861064</marc:subfield>
   </marc:datafield>
   <marc:datafield ind1="0" ind2=" " tag="490">
      <marc:subfield code="v">0</marc:subfield>
   </marc:datafield>
   <marc:datafield ind1=" " ind2=" " tag="300">
      <marc:subfield code="a">71 min.</marc:subfield>
   </marc:datafield>
</marc:record>
